000 00802nam a22002531i 4500
001 142326
003 ES-MaACL
005 20230906200508.0
007 t|
008 071004s1975 sp ||||0| spa d
020 _a84-7222-481-3
080 _a159.964.2
080 _a159.922.7
100 1 _aWinnicott, D. W.
_9117095
245 1 3 _aEl proceso de maduración en el niño
_b: (estudios para una teoría del desarrollo emocional) /
_cD. W. Winnicott ; [versión del inglés de Jordi Beltran].
250 _a1ª ed.
260 _aBarcelona :
_bLaia,
_c1975.
300 _a343 p. ;
_c21 cm.
504 _aBibliografía: p. 321-326.
650 1 4 _aNiños-
_xPsicología.
_915554
650 1 4 _aPsicoanálisis.
_916530
700 1 _aBeltrán, Jordi (
_d1941-)
_927364
852 _aES-MaACL
_jE-8371
999 _c142326
_d142326